Detecting allergens in food

Allergens pose a serious risk to consumers, making effective detection methods a priority for the food industry. Bringing together key experts in the field, this important collection both reviews the range of analytical techniques available and their use to detect specific allergens such as nuts, da...

وصف كامل

محفوظ في:
التفاصيل البيبلوغرافية
المؤلف الرئيسي: Koppelman, Stef J.
التنسيق: كتاب
اللغة:Undetermined
منشور في: Boca Raton CRC Press 2006
الموضوعات:
الوسوم: إضافة وسم
لا توجد وسوم, كن أول من يضع وسما على هذه التسجيلة!
Thư viện lưu trữ: Trung tâm Học liệu Trường Đại học Cần Thơ
LEADER 01243nam a2200205Ia 4500
001 CTU_100519
008 210402s9999 xx 000 0 und d
020 |c 3915000 
082 |a 616.975 
082 |b K83 
100 |a Koppelman, Stef J. 
245 0 |a Detecting allergens in food 
245 0 |c Stef J. Koppelman, Sue L. Hefle 
260 |a Boca Raton 
260 |b CRC Press 
260 |c 2006 
520 |a Allergens pose a serious risk to consumers, making effective detection methods a priority for the food industry. Bringing together key experts in the field, this important collection both reviews the range of analytical techniques available and their use to detect specific allergens such as nuts, dairy and wheat products. The first part of the book discusses established methods of detection such as the use of antibodies and ELISA techniques. Part 2 reviews techniques for particular allergens. The final part of the book explores how detection methods can be most effectively applied and includes discussions on factors that affect test performance and allergen analysis from a legal perspective. 
650 |a Food allergy,Food hypersensitivity 
904 |i Truc 
980 |a Trung tâm Học liệu Trường Đại học Cần Thơ